The Eras Tour 2.0 Setlist - Statistics

General Stats
  • This quiz has been taken 210 times
    68 since last reset
  • The average score is 48 of 139
Answer Stats
# Lover % Correct
5 Lover
94%
3 The Man
92%
1 22
90%
2 Cruel Summer
90%
3 Don't Blame Me
90%
1 Enchanted
90%
1 Fearless
90%
4 Look What You Made Me Do
90%
3 Love Story
90%
1 Miss Americana & The Heartbreak Prince
90%
5 Bad Blood
88%
2 You Belong With Me
88%
4 august
86%
3 champagne problems
86%
7 Karma
86%
3 Midnight Rain
86%
1 ...Ready For It?
86%
4 You Need To Calm Down
86%
4 All Too Well (10 Minute Version)
84%
2 Anti-Hero
84%
2 betty
84%
2 Blank Space
84%
1 But Daddy I Love Him / So High School
84%
1 cardigan
84%
2 Delicate
84%
4 Fortnight
84%
3 I Knew You Were Trouble
84%
1 Lavender Haze
84%
6 Mastermind
84%
3 Shake It Off
84%
1 Style
84%
2 We Are Never Ever Getting Back Together
84%
4 Wildest Dreams
84%
8 willow
84%
3 Down Bad
82%
6 my tears ricochet
82%
5 The Smallest Man Who Ever Lived
82%
4 Vigilante Sh*t
82%
2 Who's Afraid Of Little Old Me?
82%
5 Bejeweled
80%
6 I Can Do It With A Broken Heart
78%
5 illicit affairs
78%
7 marjorie
78%
Paris N1 Paris
49%
London N8 So Long, London
45%
Dublin N3 You're On Your Own Kid
45%
Paris N3 Maroon
43%
Paris N1 loml
41%
Paris N2 My Boy Only Breaks His Favorite Toys
35%
London N5 London Boy
33%
London N6 I Did Something Bad
31%
Stockholm N2 Guilty As Sin?
29%
Stockholm N1 Peter
24%
Madrid N2 King Of My Heart
22%
Paris N3 Hey Stephen
20%
Stockholm N3 How Did It End?
20%
London N3 us. With Gracie Abrams
20%
London N2 Castles Crumbling (ft. Haley Williams)
14%
Amsterdam N2 imgonnagetyouback x dress
14%
Warsaw N2 Red x Maroon
14%
Edinburgh N3 Haunted x exile
12%
London N4 King Of My Heart x The Alchemy
12%
Lisbon N2 You're On Your Own Kid x Long Live
12%
Paris N4 Begin Again x Paris
10%
Liverpool N1 Cornelia Street x Maroon
10%
Munich N1 Fresh Out The Slammer x You Are In Love
10%
Milan N2 Getaway Car x Out Of The Woods
10%
Warsaw N2 I Can Fix Him (No Really I Can) x I Can See You
10%
Munich N2 I Don't Wanna Live Forever x imgonnagetyouback
10%
Cardiff I Hate It Here x the lakes
10%
Hamburg N2 Nothing New x Dear Reader
10%
London N3 Out Of The Woods x Is It Over Now? x Clean
10%
Gelsenkirchen N2 Speak Now x Hey Stephen
10%
London N2 thanK you aIMee x Mean
10%
London N1 The Black Dog x Come Back... Be Here x Maroon
10%
Warsaw N3 The Black Dog x exile
10%
Edinburgh N2 The Bolter x Getaway Car
10%
Lyon N1 The Prophecy x long story short
10%
Gelsenkirchen N2 this is me trying x Labyrinth
10%
Warsaw N3 Today Was A Fairytale x I Think He Knows
10%
Hamburg N1 We Were Happy x Happiness
10%
Edinburgh N2 All Of The Girls You Loved Before x Crazier
8%
Liverpool N3 Carolina x No Body, No Crime
8%
London N5 Dear John x Sad Beautiful Tragic
8%
Lyon N1 Fifteen x You're On Your Own Kid
8%
Lyon N2 Glitch x Everything Has Changed
8%
London N1 Hits Different x Death By A Thousand Cuts
8%
Milan N1 I Almost Do x The Moment I Knew
8%
Liverpool N1 I Can See You x Mine
8%
Paris N2 Is It Over Now? x Out Of The Woods
8%
Stockholm N1 I Think He Knows x Gorgeous
8%
Munich N1 ivy x Call It What You Want
8%
Zürich N1 Last Kiss x Sad Beautiful Tragic
8%
Munich N2 loml x Don't You
8%
Warsaw N1 mirrorball x Clara Bow
8%
Milan N2 Mr. Perfectly Fine x Red
8%
Madrid N2 Our Song x Jump Then Fall
8%
Zürich N1 right where you left me x All You Had To Do Was Stay
8%
Gelsenkirchen N1 Sl*t! x False God
8%
Madrid N1 Sparks Fly x I Can Fix Him (No Really I Can)
8%
Dublin N1 State Of Grace x You're On Your Own Kid
8%
Warsaw N1 Suburban Legends x New Year's Day
8%
Gelsenkirchen N1 Superstar x Invisible String
8%
Dublin N1 Sweet Nothing x hoax
8%
Hamburg N1 Teardrops On My Guitar x The Last Time
8%
Milan N1 the 1 x Wonderland
8%
Dublin N2 The Albatross x Dancing With Our Hands Tied
8%
Paris N4 The Alchemy x Treacherous
8%
Amsterdam N1 The Archer x Question...?
8%
London N7 The Archer x You're On Your Own Kid
8%
Liverpool N2 The Great War x You're Losing Me
8%
Hamburg N2 the last great american dynasty x run
8%
Liverpool N3 The Manuscript x Red
8%
Dublin N2 This Love x Ours
8%
Amsterdam N2 You Are In Love x cowboy like me
8%
Lyon N2 Chloe or Sam or Sofia or Marcus
6%
Dublin N3 Clara Bow x The Lucky One
6%
Zürich N2 closure x A Perfectly Good Heart
6%
Lisbon N1 Come Back Be Here x The Way I Loved You x The Other Side of the Door
6%
Lisbon N1 Fresh Out The Slammer x High Infidelity
6%
Amsterdam N1 Guilty As Sin? x Untouchable
6%
Cardiff I Forgot That You Existed x This Is Why We Can't Have Nice Things
6%
Edinburgh N3 It's Nice To Have A Friend x dorothea
6%
Gelsenkirchen N3 it's time to go x Better Man
6%
London N7 Long Live x Change
6%
Amsterdam N3 Mary's Song (Oh My My My) x So Highschool x Everything Has Changed
6%
Gelsenkirchen N3 Paper Rings x Stay Stay Stay
6%
Zürich N2 Robin x Never Grow Up
6%
Madrid N1 Snow On The Beach x I Look In Peoples Windows
6%
Amsterdam N3 Sweeter Than Fiction x Holy Ground
6%
Lisbon N2 The Tortured Poets Department x Now That We Don't Talk
6%
Liverpool N2 This Is What You Came For x gold rush
6%
Edinburgh N1 'tis the damn season x Daylight
6%
Edinburgh N1 Would've Could've Should've x I Know Places
6%
London N4 Everything Has Changed x Endgame x Thinking Out Loud (ft. Ed Sheeran)
4%
Stockholm N3 Message In A Bottle x How You Get The Girl x New Romantics
4%
Stockholm N2 Say Don't Go x Welcome To New York x Clean
4%
London N8 Death By A Thousand Cuts x Getaway Car (Performed With Jack Antonoff)
2%
London N6 My Boy Only Breaks His Favourite Toys x coney island
0%
No matching quizzes found
Score Distribution
Percent of People with Each Score
Percentile by Number Answered
Your Score History
You have not taken this quiz since the last reset